000 00499nam a22001337a 4500
008 170307b xxu||||| |||| 00| 0 eng d
082 _22015
_aUT 0669
_bL94
100 _919028
_aLovitos, Junelyn S.
245 _aProfiling Tax Payment Delinquency in Digos City
_cJunelyn S. Lovitos, Jeneza T. Limbag and Alejo Iglesias.
300 _a33 pages;
_b30 cm.
650 0 _919029
_aBusiness Administration
_vFinancial Management
_xUndergraduate Thesis.
700 _919030
_aLovitos, Junelyn S.
942 _2ddc
_cUT
999 _c6342
_d6342